|
|
|
|
| LEADER |
00659cam a2200193 7i4500 |
| 001 |
0000026047 |
| 005 |
20210126090000.0 |
| 008 |
090130 eng |
| 020 |
|
|
|a 8180613763
|
| 090 |
0 |
0 |
|a QP514.2
|b .R35 2005
|
| 100 |
1 |
|
|a Raju, SM
|
| 245 |
1 |
0 |
|a Illustrated medical biochemistry
|c SM Raju, Bindu Madala.
|
| 260 |
|
|
|a New Delhi:
|b Jaypee Brothers,
|c 2005.
|
| 300 |
|
|
|a x, 505 p.:
|b ill., col.;
|c 28 cm.
|
| 500 |
|
|
|a Includes index
|
| 650 |
0 |
0 |
|a Clinical biochemistry
|
| 650 |
0 |
0 |
|a Biochemistry
|
| 997 |
|
|
|a Engineering & Life Sciences, Faculty
|b Science & Biotechnology, Department
|
| 999 |
|
|
|a 0000024802
|b BOK
|c OPEN SHELF
|e 2nd Floor, Bestari Jaya
|